00485nam a22001817a 450000500170000001000150001702000260003203500140005803700130007208200110008510000170009624500370011326000320015027000590018230000200024150000220026171000200028320180607151555.0 aENG-123175 a9789385085383c650.00 aEN-106707 bDBAD/PUB a363.61 aArvind Kumar aWater for life/cby Arvind Kumar aNew DelhibA.J. Booksc2017 aB-46-A, Nandgram, Ghaziabad (U.P.)b New Delhie110002 a144p.c22cm(Hb) aIt includes index aMangal, Shubhra